Technical communication : (Record no. 60459)

MARC details
000 -LEADER
fixed length control field 00934nam a22002537a 4500
005 - DATE AND TIME OF LATEST TRANSACTION
control field 20120106155310.0
008 - FIXED-LENGTH DATA ELEMENTS--GENERAL INFORMATION
fixed length control field 120106t xxu||||| |||| 00| 0 eng d
010 ## - LCCN (DPL NO)
LC control number ENG-104633
020 ## - INTERNATIONAL STANDARD BOOK NUMBER
International Standard Book Number 9789380408774
Terms of availability 350.00
035 ## - SYSTEM CONTROL NUMBER
System control number EN-88166
037 ## - SOURCE OF ACQUISITION
Source of stock number/acquisition DBAD/PUB
040 ## - CATALOGING SOURCE
Original cataloging agency DPL
Language of cataloging Eng
082 ## - DEWEY DECIMAL CLASSIFICATION NUMBER
Classification number 808.0666
100 ## - MAIN ENTRY--PERSONAL NAME
Personal name Madhu Rani
9 (RLIN) 38484
245 ## - TITLE STATEMENT
Title Technical communication :
Statement of responsibility, etc by Madhu Rani [and] Seema Verma
Remainder of title a practical approach /
260 ## - PUBLICATION, DISTRIBUTION, ETC. (IMPRINT)
Place of publication, distribution, etc New Delhi
Name of publisher, distributor, etc Acme Learning
Date of publication, distribution, etc 2011
270 ## - ADDRESS
Address 2/8 Ansari Road Darya Ganj
City New Delhi
Postal code 110002
300 ## - PHYSICAL DESCRIPTION
Extent xi,487p.
Dimensions 24cm(pbk)
650 ## - SUBJECT ADDED ENTRY--TOPICAL TERM
Topical term or geographic name as entry element Communication of technical information
9 (RLIN) 38536
650 ## - SUBJECT ADDED ENTRY--TOPICAL TERM
Topical term or geographic name as entry element Technical writing
9 (RLIN) 38537
700 ## - ADDED ENTRY--PERSONAL NAME
Personal name Verma, Seema
9 (RLIN) 38538
942 ## - ADDED ENTRY ELEMENTS (KOHA)
Source of classification or shelving scheme Dewey Decimal Classification
Item type English Books
Classification part 808.0666
Call number suffix MAD
Holdings
Withdrawn status Lost status Source of classification or shelving scheme Damaged status Not for loan Collection code Home library Current library Date acquired Source of acquisition Cost, normal purchase price Total Checkouts Full call number Barcode Date last seen Copy number Cost, replacement price Koha item type
    Dewey Decimal Classification   Not For Loan Non-fiction D.B.Act.Division D.B.Act.Division 06/01/2012 DBAD/PUB 350.00   808.0666 MAD EN-88166 06/01/2012 1 350.00 English Books

© Delhi Public Library
Hit Counter
free hit counter